Datum a čas kvízu
27.5
Celkem bodů
Celkový počet nahraných bodů na tomto kvízu bez doplňovacích otázek.
11.
Pořadí na kvízu
Konečné umístění týmu na tomto kvízu.
Zaznamenané odpovědi
| # | Otázka | Odpověď | Body | Výsledky |
|---|---|---|---|---|
| 1. | V ostravské zoologické zahradě... | o mývaly severní | 0 | |
| 2. | Balendra Šáh se v pátek stal p... | A | 0 | |
| 3. | Díky novým technologiím se za... | Val Kilmer | 0 | |
| 4. | Které dvě společnosti byly min... | Meta a Google | 0.5 | |
| 5. | Jak se jmenuje muž, který nově... | Ladislav Krejčí | 0 | |
| 6. | „Jaké je hlavní město Gabonské... | D | 0 | |
| 7. | AZ Kvíz se na obrazovkách obje... | 1 100 Kč | 0 | |
| 8. | Doplňte tři slova do sloganu s... | který vám zaplatí | 1 | |
| 9. | Pod kterým názvem jsme mohli z... | Rejžuj! | 0 | |
| 10. | Kdo byl moderátorem soutěže, j... | Marek Eben, Valtice | 0.5 |